| 000 | 00816cam a22002411a 4500 | ||
|---|---|---|---|
| 001 | 12733148 | ||
| 005 | 20171222081708.0 | ||
| 008 | 020408s2002 cau b 001 0 eng | ||
| 010 | _a 2002005574 | ||
| 020 | _a0761987703 (c) | ||
| 040 |
_aDLC _cDLC _dDLC |
||
| 041 | _aeng | ||
| 043 | _an-us--- | ||
| 080 | _a362.630973 ROB | ||
| 082 | 0 | 0 |
_a362.630973 ROB _221 |
| 100 | 1 | _a50 | |
| 101 | _aSOC | ||
| 245 | 1 | 0 |
_aCommunity resources for older adults : _cRobbyn R. Wacker, Karen A. Roberto, Linda E. Piper. |
| 504 | _aIncludes bibliographical references a(p. 417-454) and index. | ||
| 906 |
_a7 _bcbc _corignew _d1 _eecip _f20 _gy-gencatlg |
||
| 942 |
_2ddc _cBK |
||
| 999 |
_c39352 _d39352 |
||